000 00490cam a22002054a 4500
005 20250605164247.0
008 250528s ||||||||||||||||||||||||d
035 _a21552
020 _a9789602189290
040 _aGR-AtMCL
_bgre
_dGR-AtMCL
_eAACR2
245 1 _aΑΡΧΕΣ ΜΑΡΚΕΤΙΝΓΚ
250 _a1
260 _bΚριτική,
_c2014
300 _a419
700 1 _aFahy John
_96864
700 1 _aJobber David
_92074
942 _cBK
999 _c6614
_d6614